Welcome to CU Library Online Public Access Catalogue (OPAC)

Discrete Mathematics for Computing/ (Record no. 1083)

MARC details
000 -LEADER
fixed length control field 00483nam a22001697a 4500
005 - DATE AND TIME OF LATEST TRANSACTION
control field 20241112153605.0
008 - FIXED-LENGTH DATA ELEMENTS--GENERAL INFORMATION
fixed length control field 241112b |||||||| |||| 00| 0 eng d
020 ## - INTERNATIONAL STANDARD BOOK NUMBER
International Standard Book Number 9780230216112
050 ## - LIBRARY OF CONGRESS CALL NUMBER
Classification number QA76.9
Item number .M35
100 ## - MAIN ENTRY--PERSONAL NAME
Personal name Grossman, Peter
245 ## - TITLE STATEMENT
Title Discrete Mathematics for Computing/
Statement of responsibility, etc. Peter Grossman
250 ## - EDITION STATEMENT
Edition statement 3rd Ed.
260 ## - PUBLICATION, DISTRIBUTION, ETC.
Place of publication, distribution, etc. New York
Name of publisher, distributor, etc. Palgrave Macmillan
Date of publication, distribution, etc. 2009
300 ## - PHYSICAL DESCRIPTION
Extent xii.316 p.
Other physical details ill.
Dimensions 24.5cm
650 ## - SUBJECT ADDED ENTRY--TOPICAL TERM
Source of heading or term Discrete Mathematics
942 ## - ADDED ENTRY ELEMENTS (KOHA)
Source of classification or shelving scheme Library of Congress Classification
Koha item type Books
Edition 3rd Ed.
Suppress in OPAC No
999 ## -
-- 1083
-- 1083
Holdings
Withdrawn status Lost status Source of classification or shelving scheme Damaged status Not for loan Collection Home library Current library Shelving location Date acquired Total checkouts Full call number Barcode Date last seen Copy number Price effective from Koha item type
    Library of Congress Classification     Non-fiction Science Library (Miotso) Science Library (Miotso) General stacks 11/12/2024   QA76.9 .M35 GRO SLM00000559 11/12/2024 1 11/12/2024 Books
    Library of Congress Classification     Non-fiction Science Library (Miotso) Science Library (Miotso) General stacks 11/12/2024   QA76.9 .M35 GRO SLM00000560 11/12/2024 2 11/12/2024 Books
    Library of Congress Classification     Non-fiction Science Library (Miotso) Science Library (Miotso) General stacks 11/12/2024   QA76.9 .M35 GRO SLM00000561 11/12/2024 3 11/12/2024 Books
    Library of Congress Classification     Non-fiction Science Library (Miotso) Science Library (Miotso) General stacks 11/12/2024   QA76.9 .M35 GRO SLM00000562 11/12/2024 4 11/12/2024 Books
© 2023-2024 Copyright: Central University Libraries. All Rights Reserved | Created by: Mahone Tech Office